Sport fishing

Detalles Bibliográficos
Formato: Electrónico Revista
Lenguaje:inglés
Publicado: [Winter Park, Fl. : World Publications]
Materias:
Acceso en línea:Full text available from Research Library: 01/01/2012 to 03/31/2020

MARC

LEADER 00000nas a2200000 a 4500
001 ssj0000520125
003 WaSeSS
005 20200512172242.0
006 m d
007 cr n
008 871223c198u9999flumx p s 0 a0eng c
010 |a sf 93091763   |z sn 87007782  
022 |l 0896-7369  |y 0896-7369 
032 |a 001631  |b USPS 
035 |a (WaSeSS)ssj0000520125 
037 |b Sport Fishing, P.O. Box 414, Mount Morris, IL 61054-9977 
040 |a NSDP  |b eng  |c NSDP  |d DLC  |d NN  |d OCoLC  |d WaSeSS 
042 |a nsdp  |a pcc 
082 1 0 |a 799  |2 11 
130 0 |a Sport fishing (Winter Park, Fla.) 
210 0 |a Sport fish.  |b (Winter Park Fla.) 
222 0 |a Sport fishing  |b (Winter Park, Fla.) 
245 1 0 |a Sport fishing  |h [electronic resource]. 
246 1 3 |a Sport fishing magazine 
260 |a [Winter Park, Fl. :  |b World Publications] 
310 |a Nine issues a year (monthly, Jan.-June, bimonthly, July-Dec.),  |b <Dec. 2000-> 
321 |a Bimonthly,  |b <Feb./Mar. 1987-19> 
506 |a License restrictions may limit access. 
515 |a Vol. 2, issue 4 mistakenly numbered v. 2, issue 3. 
588 |a Description based on: Vol. 2, no. 1 (Feb./Mar. 1987); title from cover. 
588 |a Latest issue consulted: Vol. 16, issue 1 (Jan. 2001). 
650 0 |a Saltwater fishing  |v Periodicals. 
655 0 |a Electronic journals. 
850 |a DLC 
856 4 0 |z Full text available from Research Library: 01/01/2012 to 03/31/2020  |u https://search.proquest.com/publication/1686353